000 00563nam a2200217 i 4500
001 C2-0254131
003 PPAK
005 20180727221649.0
008 040425s xx |||| ||||| | eng d
040 _aPPAK
_beng
_cPPAK
_erda
082 0 4 _a004.67
_223
090 0 0 _a004.67
_bINT
_dR
245 0 0 _aInternet World
_bThe Magazine for internet users
264 1 _cJuly-Dec 1997
300 _amultiple pages
336 _2rdacontent
_atext
337 _2rdamedia
_aunmediated
338 _2rdacarrier
_avolume
650 1 0 _ainternet -periodicals
942 _ddc
_cB
999 _c66892
_d66892